00977 a2200181 4500003000500000005001700005010001600022020001500038040000900053082001500062100002300077245008000100260005100180300003300231505046700264538003600731650002800767Nust20170207153242.0 a 80025860 a0136377513 cNust00a621.3815351 aIrvine, Robert G.,10aOperational amplifier characteristics and applications /cRobert G. Irvine. aEnglewood Cliffs, NJ :bPrentice-Hall,cc1981. axv, 462 p. :bill. ;c24 cm. aConstruction Of The Operational Amplifier (Page-1), Using The Operational Amplifier As A Circuit Element (Page-35), Offsets And Offset Compensation (Page-69), Power Supplies For Om Amp Circuits (Page-91), Frequency Related Characteristics Of Operational Amplifiers (Page-110), Linear Circuit Applications (Page-137), Nonlinear Applications (Page-173), Digital Applications (Page-203), Active Filters (Page-237), Oscillators (Page-338), Linear Devices (Page-362). aAlmirah No. 130 and Shelf No. 3 0aOperational amplifiers.